000 00399nam a2200157 4500
001 111886
003 ES-MaACL
005 20230906185359.0
007 t|
008 061121s1953 sp r ||||1| spa d
100 1 _aNavarrete, C.
_985035
245 1 0 _aVergel Mariano /
_cC. Navarrrete.
260 _aMadrid :
_bBruno del Amo,
_c1953.
300 _a54 p. ;
_c18 cm.
852 _aES-MaACL
_j1969-F-1
999 _c111886
_d111886